Mould sticking, fouling and cleaning (Record no. 42757)

MARC details
000 -LEADER
fixed length control field 00317nam a2200121Ia 4500
082 ## - DEWEY DECIMAL CLASSIFICATION NUMBER
Classification number 678.057.7
Item number PAC
100 ## - MAIN ENTRY--AUTHOR NAME
Personal name Packham, David E
245 #0 - TITLE STATEMENT
Title Mould sticking, fouling and cleaning
260 ## - PUBLICATION, DISTRIBUTION, ETC. (IMPRINT)
Place of publication UK
Name of publisher Rapra Technology
Year of publication 2002
650 ## - SUBJECT ADDED ENTRY--TOPICAL TERM
Topical Term Mould fouling
942 ## - ADDED ENTRY ELEMENTS (KOHA)
Koha item type Books
Holdings
Withdrawn status Lost status Damaged status Not for loan Home library Current library Date acquired Cost, normal purchase price Full call number Accession Number Koha item type
        RRII Library RRII Library 16/12/2021 80.00 678.057.7 PAC 23022 Books